[Event "Harkany op"]
[Site "Harkany"]
[Date "1994.??.??"]
[Round "5"]
[White "Anka, Emil"]
[Black "Kragelj, Igor"]
[Result "1-0"]
[WhiteElo "2380"]
[BlackElo "2230"]

1.e4 c5 2.Nf3 Nc6 3.d4 cxd4 4.Nxd4 e6 5.Nb5 d6 6.c4 Nf6 7.N1c3 a6 8.Na3 Be7
9.Be2 O-O 10.O-O b6 11.Be3 Ne5 12.f3 Bb7 13.Qb3 Ned7 14.Rfd1 Qc7 15.Rac1 Nc5
16.Qc2 Rfe8 17.Qd2 Rad8 18.b4 Ncd7 19.Qb2 Qb8 20.Bf2 h6 21.Bf1 Rc8 22.Nab1 Bc6
23.Nd2 Qa8 24.Nb3 Qb8 25.a4 Ba8 26.Rc2 Ne5 27.Na2 Ned7 28.a5 bxa5 29.Nxa5 Bd8
30.Qa3 Bc7 31.g3 Rcd8 32.Bg2 g5 33.Re1 Ne5 34.Qc3 Rc8 35.f4 Neg4 36.h3 Nxf2
37.Qxf6 Nd3 38.Rf1 Qa7+ 39.Kh1 gxf4 40.gxf4 Bxa5  1-0

[Event "HUN-chT 9394"]
[Site "?"]
[Date "1994.??.??"]
[Round "?"]
[White "Szakolczai, Peter"]
[Black "Somogyi, Istvan"]
[Result "1/2-1/2"]
[WhiteElo "2240"]
[BlackElo "2305"]

1.e4 c5 2.Nf3 e6 3.d4 cxd4 4.Nxd4 Nc6 5.Nb5 d6 6.c4 a6 7.N5a3 Nf6 8.Nc3 Be7
9.Be2 O-O 10.O-O b6 11.Be3 Bb7 12.f3 Re8 13.Qb3 Nd7 14.Rad1 Qc7 15.Rd2 Nc5
16.Qd1 Rad8 17.Nab1 Nd7 18.f4 Na5 19.b3 Nf6 20.Bf3 Bc6 21.Qe2 Qa7 22.b4 Nb7
23.Qf2 Rc8 24.Bxb6 Qa8 25.a3 Nd8 26.e5 Nd7 27.exd6 Bf6 28.Bd4 Bxf3 29.Qxf3 Qxf3
30.Rxf3 Rxc4 31.Bxf6 Nxf6 32.Rdd3 Nb7 33.Nd2 Rc6 34.Nce4 Nxe4 35.Nxe4 f5
36.Nc5 Nxd6 37.Rd1 a5 38.Rfd3 axb4 39.axb4 Nb5 40.Ra1 Nc7 41.Rd7 Nb5 42.Rb7 Nd6
43.Rd7 Nb5 44.Rb7 Nd6  1/2-1/2

[Event "HUN-chT 9394"]
[Site "?"]
[Date "1994.??.??"]
[Round "?"]
[White "Szakolczai, Peter"]
[Black "Horvath, Zoltan"]
[Result "0-1"]
[WhiteElo "2240"]
[BlackElo "2110"]

1.e4 c5 2.Nf3 e6 3.d4 cxd4 4.Nxd4 Nc6 5.Nb5 d6 6.c4 Nf6 7.N1c3 a6 8.Na3 Be7
9.Be2 O-O 10.Be3 Bd7 11.O-O Qa5 12.Qd2 Rfd8 13.Nc2 b5 14.b4 Nxb4 15.Nxb4 Qxb4
16.Bb6 Qa3 17.Bxd8 Bxd8 18.Rab1 Ba5 19.Rb3 Qc5 20.Qd3 bxc4 21.Qxc4 Qxc4 22.Bxc4 Rc8
23.Bxa6 Rxc3 24.Rb8+ Ne8 25.Rfb1 Bc7 26.Ra8 Kf8 27.Bb7 Ke7 28.g3 Rc4 29.Ra7 Ba4
30.a3 Kd7 31.Ra8 Bd8 32.Ba6 Rxe4 33.Bd3 Rd4 34.Rxa4 Rxd3 35.Ra7+ Bc7 36.Rb8 Rxa3
37.Rxa3 Bxb8 38.Ra8 Kc7  0-1

[Event "HUN-chT 9394"]
[Site "?"]
[Date "1994.??.??"]
[Round "?"]
[White "Fogarasi, Tibor"]
[Black "Szuk, Balazs"]
[Result "1/2-1/2"]
[WhiteElo "2415"]
[BlackElo "2370"]

1.e4 c5 2.Nf3 e6 3.d4 cxd4 4.Nxd4 Nc6 5.Nb5 d6 6.c4 Nf6 7.N1c3 a6 8.Nd4 Be7
9.Be2 O-O 10.O-O Bd7 11.Be3 Nxd4 12.Qxd4 Bc6 13.Rfd1 Rb8 14.Rac1 b5 15.cxb5 axb5
16.b4 Qd7 17.f3 Rfd8 18.a4 bxa4 19.b5 Bxb5 20.Bxb5 Rxb5 21.Nxb5 Qxb5 22.Rc7 Bf8
23.Ra7 d5 24.Qxa4 Qe2 25.Bf2 Rc8 26.Re1 Qd2 27.Ra8 Rxa8 28.Qxa8 dxe4 29.fxe4 Ng4
30.Rf1 Nxf2 31.Rxf2 Qc1+ 32.Rf1 Qc5+ 33.Kh1 g6 34.h3 h5 35.Qd8 Qe7 36.Qxe7 Bxe7
37.Rc1 Bd6 38.Kg1 Kg7 39.Kf2 Kf6 40.Kf3 Ke5 41.Ra1 f5 42.Ra5+ Kf6 43.Ke3 g5
44.Kd4 fxe4 45.g4 hxg4 46.hxg4 Bg3 47.Kxe4 Bf4 48.Kd4 Bg3 49.Ra2 Bd6 50.Re2 Ke7
51.Re1 Kd7 52.Ra1 Kc6 53.Ra6+ Kd7 54.Kc4 Bg3 55.Kb5 Bf4 56.Kc5 Be3+ 57.Kb4 Bf4
58.Kc3 Bc7 59.Kd3 Bb8 60.Ke4 Bf4 61.Ra1 Ke7 62.Rh1 Kd6 63.Rh7 Bc1 64.Rb7 Bf4
65.Rb1 Ke7 66.Rd1 Bg3 67.Rd3 Bh2 68.Ra3 Bf4 69.Kd4 Kd6 70.Ra7 Bg3 71.Ra6+ Kd7
72.Kc4 Bf4 73.Kd3 Bg3  1/2-1/2

[Event "HUN-chT 9394"]
[Site "?"]
[Date "1994.??.??"]
[Round "?"]
[White "Groszpeter, Attila"]
[Black "Kallai, Gabor"]
[Result "1/2-1/2"]
[WhiteElo "2525"]
[BlackElo "2490"]

1.e4 c5 2.Nf3 Nc6 3.d4 cxd4 4.Nxd4 e6 5.Nb5 d6 6.c4 Nf6 7.N1c3 a6 8.Na3 b6
9.Be2 Bb7 10.O-O Nb8 11.f3 Nbd7 12.Be3 Be7 13.Qd2 O-O 14.Rfd1 Qc7 15.Rac1 Rfd8
16.Bf1 Rac8 17.Kh1 Qb8 18.Qf2 Ba8 19.Rc2 Qc7 20.Rcd2 Rb8 21.Nab1  1/2-1/2

[Event "HUN-chT2 9394"]
[Site "?"]
[Date "1994.??.??"]
[Round "?"]
[White "Szabo, Janos"]
[Black "Kapu, Jeno"]
[Result "1/2-1/2"]
[WhiteElo "2235"]
[BlackElo "2250"]

1.e4 c5 2.Nf3 e6 3.d4 cxd4 4.Nxd4 Nc6 5.Nb5 d6 6.Bf4 e5 7.Be3 a6 8.N5c3 Nf6
9.a4 Ng4 10.Nd5 Nxe3 11.Nxe3 Be7 12.Nc3 Be6 13.Ncd5 O-O 14.Bd3 Bg5 15.O-O g6
16.c3 Ne7 17.Bc4 Kg7 18.Qb3 Bxe3 19.Nxe3 Bxc4 20.Nxc4 Qc7 21.Rfd1 Rad8 22.Ne3 f5
23.exf5 Nxf5 24.Nd5 Qf7 25.Rd2 Rc8 26.Rad1 Rc5 27.Qc2 Nd4 28.Qe4 Rxd5 29.cxd4 Rxd4
30.Qe3 Rxd2 31.Rxd2 Qc7 32.h4 Rf4 33.Qb3 Qc1+ 34.Rd1 Qc5 35.Rd2 Qc1+ 36.Rd1 Qc5
37.Rd2 Rb4 38.Qf3 Qc1+ 39.Rd1 Qf4 40.Rxd6 Qxf3 41.gxf3 Rxb2 42.Re6 Rb4 43.Rxe5 Rxa4
44.Re7+ Kh6 45.Rxb7 Rxh4 46.Ra7 Ra4 47.Kg2 g5 48.Kg3 Kg6 49.Rc7 Rf4 50.Ra7 Rf6
51.Rc7 h5 52.Rc5 h4+ 53.Kg2 Kh5 54.Ra5 Kh6 55.Rc5 Kg6 56.Ra5 Kf7 57.Re5 Re6
58.Ra5 Rg6 59.Kh3 Ke7 60.Kg4 Kd7 61.Kf5 Rb6 62.Kg4 Kc7 63.Rxg5  1/2-1/2

[Event "HUN-chT2 9394"]
[Site "?"]
[Date "1994.??.??"]
[Round "?"]
[White "Mihalko, Jozsef"]
[Black "Nemeth, Zoltan"]
[Result "1/2-1/2"]
[WhiteElo "2290"]
[BlackElo "2370"]

1.e4 c5 2.Nf3 e6 3.d4 cxd4 4.Nxd4 Nc6 5.Nb5 d6 6.c4 a6 7.N5c3 Nf6 8.Be2 Be7
9.O-O O-O 10.Be3 b6 11.Nd2 Nd7 12.Rc1 Bf6 13.f4 Bd4 14.Bxd4 Nxd4 15.Nf3 Nxe2+
16.Qxe2 Qc7 17.Rfd1 Rd8 18.Qd3  1/2-1/2

[Event "HUN-chT2 9394"]
[Site "?"]
[Date "1994.??.??"]
[Round "?"]
[White "Bauer, Tamas"]
[Black "Fancsy, Imre"]
[Result "1/2-1/2"]
[WhiteElo "2410"]
[BlackElo "2400"]

1.e4 c5 2.Nf3 e6 3.d4 cxd4 4.Nxd4 Nc6 5.Nb5 d6 6.c4 Nf6 7.N1c3 a6 8.Na3 b6
9.Be3 Bb7 10.Be2 Be7 11.O-O O-O 12.Qd2 Ne5 13.f3 d5 14.cxd5 exd5 15.exd5 Bxd5
16.Rfd1 Be6 17.Qxd8 Bxd8 18.Rac1 b5 19.f4 Ned7 20.Bf3 Rb8 21.Nd5 Re8 22.Ba7 Nxd5
23.Bxd5 Bb6+ 24.Bxb6  1/2-1/2

[Event "JUG-chT2"]
[Site "?"]
[Date "1994.??.??"]
[Round "3"]
[White "Savanovic, Aleksandar"]
[Black "Ljubisavljevic, Zivojin Z"]
[Result "0-1"]
[WhiteElo "2335"]
[BlackElo "2275"]

1.e4 c5 2.Nf3 Nc6 3.d4 cxd4 4.Nxd4 e6 5.Nb5 Bc5 6.Nd6+ Ke7 7.Nxc8+ Rxc8 8.Bd3 d5
9.Nc3 d4 10.Ne2 Bb4+ 11.Kf1 Ne5 12.f4 Nxd3 13.cxd3 Nf6 14.Kf2 Qc7 15.Kf3 e5
16.Qb3 Bd6 17.fxe5 Bxe5 18.Bg5 b6 19.Rac1 Qd6 20.Qa4 a5 21.h3 h6 22.Rxc8 Rxc8
23.Rc1 Rxc1 24.Bxc1 Nd7 25.g4 h5 26.gxh5 Qe6 27.Kg2 Nc5 28.Qb5 f5 29.Bg5+ Kf7
30.Ng1 fxe4 31.dxe4 Bc7 32.Nf3 Qxe4 33.Qc4+ Ne6 34.Kf2 Bf4 35.Bxf4 Qxf4 36.Qd3 Ke7
37.Qe2 Kd6 38.Qd3 Ke7 39.Ke2 Qc1 40.Kf2 Qxb2+ 41.Kg3 Qxa2 42.Qe4 Qc4 43.Ne5 Qc7
44.Kg4 Kd6 45.Kf5 a4 46.Qb1  0-1

[Event "JUG-chT2"]
[Site "?"]
[Date "1994.??.??"]
[Round "9"]
[White "Misailovic, Nebojsa"]
[Black "Mackic, Zoran"]
[Result "1/2-1/2"]
[WhiteElo "2405"]
[BlackElo "2400"]

1.e4 c5 2.Nf3 Nc6 3.d4 cxd4 4.Nxd4 e6 5.Nb5 d6 6.c4 Nf6 7.N1c3 a6 8.Na3 Be7
9.Be2 O-O 10.O-O b6 11.Be3 Bb7 12.f4 Nd7 13.Bf3 Nc5 14.Qd2 Qc7 15.Nc2 Rac8
16.Rad1 Rfd8 17.g4 Na5 18.Qe2 Nd7 19.b3 b5 20.g5 bxc4 21.b4 Nc6 22.h4 Bf8
23.Bg2 Ncb8 24.h5 Re8 25.Qf2 Nc6 26.a3 Ba8 27.Qh4 Ne7 28.Qg4 g6 29.Nd4 Nc6
30.Nf3 Bg7 31.Rc1 Ne7 32.Nd4 Nc6 33.Nde2 Ne7 34.hxg6 hxg6 35.Nd4 Nc6 36.Nde2 Ne7
37.Nd4 Nc6 38.Nde2 Ne7 39.Nd4  1/2-1/2

[Event "JUG-chT"]
[Site "JUG"]
[Date "1994.??.??"]
[Round "1"]
[White "Nikolin, Zorica"]
[Black "Sakotic, Jasna"]
[Result "1-0"]
[WhiteElo "2275"]
[BlackElo "2170"]

1.e4 c5 2.Nf3 e6 3.d4 cxd4 4.Nxd4 Nc6 5.Nb5 d6 6.c4 Nf6 7.N1c3 a6 8.Na3 Be7
9.Be2 O-O 10.O-O b6 11.Be3 Bb7 12.Qb3 Nd7 13.Rfd1 Re8 14.Rac1 Bf8 15.Qc2 Rc8
16.Qd2 Nce5 17.f3 Nf6 18.Bf1 Qc7 19.Kh1 Ned7 20.Bg1 Qb8 21.Nc2 Ba8 22.a3 Ne5
23.Ne3 Red8 24.b4 Bb7 25.Qf2 Ned7 26.Qe1 Re8 27.Qf2 Qa8 28.Qa2 Rc7 29.Rc2 Rec8
30.Rdc1 Be7 31.Qb3 Bf8 32.Na4 Nh5 33.Nd1 Rc6 34.Ndc3 Qa7 35.b5 axb5 36.Nxb5 Qa5
37.Be3 Be7 38.Bd2 e5 39.Bxa5 bxa5 40.Qe3 h6  1-0

[Event "JUG-chT"]
[Site "JUG"]
[Date "1994.??.??"]
[Round "5"]
[White "Micic, Snezana"]
[Black "Sakotic, Jasna"]
[Result "0-1"]
[WhiteElo "2235"]
[BlackElo "2170"]

1.e4 c5 2.Nf3 e6 3.d4 cxd4 4.Nxd4 Nc6 5.Nb5 d6 6.c4 Nf6 7.N1c3 a6 8.Na3 Be7
9.Be2 O-O 10.O-O b6 11.Be3 Bb7 12.Rc1 Rc8 13.Qb3 Nd7 14.Rfd1 Re8 15.Rd2 Bf8
16.Qd1 Qc7 17.f3 Nce5 18.f4 Ng6 19.e5 d5 20.cxd5 exd5 21.Nc2 Bc5 22.Nd4 f6
23.f5 Qxe5 24.Bf2 Ne7 25.Bg4 Qd6 26.Bh5 g6 27.fxg6 hxg6 28.Be2 Kg7 29.Bg3 Ne5
30.Bg4 f5 31.Bh3 Qf6 32.Ne2 Nc4 33.b4 Bxb4 34.Rdc2 Ba3 35.Rb1 Bc5 36.Rb3 Nc6
37.Bf2  0-1

[Event "EU-ch U20 Girls"]
[Site "Litomysl"]
[Date "1994.??.??"]
[Round "4"]
[White "Medvegy, Nora"]
[Black "Izchenko, Olga"]
[Result "1-0"]
[WhiteElo "2155"]
[BlackElo "2260"]

1.e4 c5 2.Nf3 e6 3.d4 cxd4 4.Nxd4 Nc6 5.Nb5 d6 6.c4 Nf6 7.N1c3 a6 8.Na3 b6
9.Be2 Bb7 10.Be3 Nb8 11.f3 Nbd7 12.O-O Be7 13.Qd2 O-O 14.Rfd1 Qc7 15.Rac1 Rac8
16.Bf1 Qb8 17.Nc2 Rfe8 18.Kh1 Kh8 19.Qf2 Bd8 20.Ne1 Bc7 21.g4 h6 22.Qh4 Kg8
23.g5 hxg5 24.Bxg5 Nh7 25.Bf4 Ne5 26.Qh3 Ng6 27.Bg3 Nf6 28.Rc2 Bc6 29.Nd3 Rcd8
30.Nf4 Nxf4 31.Bxf4 Rd7 32.Rg2 d5 33.Rxg7+ Kf8 34.Bxc7 Qxc7 35.Qh6 Ng8 36.Qh8 Ke7
37.Rxg8 Rxg8 38.Qxg8 dxe4 39.Qg5+ Ke8 40.Rxd7 Qxd7 41.fxe4  1-0

[Event "Lloyds Bank op"]
[Site "London"]
[Date "1994.??.??"]
[Round "1"]
[White "Gufeld, Eduard"]
[Black "Perkins, Alan H"]
[Result "1/2-1/2"]
[WhiteElo "2440"]
[BlackElo "2265"]

1.e4 c5 2.Nf3 e6 3.d4 cxd4 4.Nxd4 Nc6 5.Nb5 d6 6.c4 Nf6 7.N1c3 a6 8.Na3 Be7
9.Be2 O-O 10.O-O b6 11.Be3 Bb7 12.Qb3 Nd7 13.Rac1 Nc5 14.Qc2 Rc8 15.Rfd1 Qc7
16.f3 Ne5 17.Qd2 Ba8 18.Nc2 Rfd8 19.Nd4 Qb8 20.b3 Bf6 21.Kh1 Ng6 22.Bf1 Be5
23.g3 h5 24.Bg5 Re8 25.Bg2 h4 26.f4 h3 27.Bxh3 Nxe4 28.Nxe4 Bxe4+ 29.Bg2 Bxg2+
30.Qxg2 Bxd4 31.Rxd4 d5 32.f5 exf5 33.Rxd5 f4 34.gxf4 Nxf4 35.Bxf4 Qxf4 36.Rf1 Qe4
37.Rd6 Qxg2+ 38.Kxg2 b5 39.cxb5 axb5 40.Rf2 Rc5 41.Rd7 f6 42.Rd4 Ree5 43.Rg4 Kf7  1/2-1/2

[Event "Lloyds Bank op"]
[Site "London"]
[Date "1994.??.??"]
[Round "3"]
[White "McKenna, Jason"]
[Black "Markowski, Tomasz"]
[Result "0-1"]
[WhiteElo "2230"]
[BlackElo "2475"]

1.e4 c5 2.Nf3 Nc6 3.d4 cxd4 4.Nxd4 e6 5.Nb5 d6 6.c4 Nf6 7.N5c3 Be7 8.Be3 O-O
9.Be2 b6 10.O-O Bb7 11.Nd2 Rc8 12.Rc1 Re8 13.f4 d5 14.cxd5 exd5 15.Nxd5 Nxd5
16.exd5 Qxd5 17.Nc4 Nd4 18.Bf3 Nxf3+ 19.Qxf3 Qxf3 20.gxf3 Bf8 21.Kf2 Red8
22.Ne5 f6 23.Nc4 Kf7 24.Nd2 Ba6 25.Rfd1 Bb4 26.Ne4 Rxd1 27.Rxd1 Rc2+ 28.Kg3 Ke8
29.a3 Be2 30.Rc1 Rxc1 31.Bxc1 Be7 32.Bd2 Kd7 33.Bc3 Ke6 34.Kf2 Ba6 35.Ke3 Kd5
36.Bd4 h6 37.Ng3 Kc4 38.Nf5 Bf8 39.h4 Kb3 40.Ng3 Bc8 41.Ne4 Kc2 42.Ke2 Bd7
43.Bc3 f5 44.Ng3 g6 45.Be5 h5 46.Bf6 Bd6 47.Ke3 Bc5+  0-1

[Event "Lloyds Bank op"]
[Site "London"]
[Date "1994.??.??"]
[Round "9"]
[White "McKenna, Jason"]
[Black "Sheldon, Ruth"]
[Result "1/2-1/2"]
[WhiteElo "2230"]
[BlackElo "2120"]

1.e4 c5 2.Nf3 e6 3.d4 cxd4 4.Nxd4 Nc6 5.Nb5 d6 6.c4 Nf6 7.N1c3 a6 8.Na3 Be7
9.Be2 O-O 10.O-O Bd7 11.Be3 Qb8 12.f4 Na7 13.Bf3 Bc6 14.Nc2 b5 15.Nd4 Bb7
16.cxb5 Nxb5 17.Ndxb5 axb5 18.a3 Rd8 19.Qb3 d5 20.exd5 Nxd5 21.Nxd5 Bxd5
22.Bxd5 Rxd5 23.Rad1  1/2-1/2

[Event "Wch U20 Girls"]
[Site "Matinhos"]
[Date "1994.??.??"]
[Round "?"]
[White "Peptan, Corina"]
[Black "Sheldon, Ruth"]
[Result "1/2-1/2"]
[WhiteElo "2265"]
[BlackElo "2095"]

1.e4 c5 2.Nf3 e6 3.d4 cxd4 4.Nxd4 Nc6 5.Nb5 d6 6.c4 Nf6 7.N1c3 a6 8.Na3 Be7
9.Be2 O-O 10.O-O Bd7 11.Bf4 Qb8 12.c5 e5 13.Bg5 Be6 14.Bxf6 Bxf6 15.cxd6 Nd4
16.Nc4 b5 17.Ne3 Qxd6 18.Bg4 Bg5 19.Nf5 Bxf5 20.exf5 Rfe8 21.Bf3 Rac8 22.Be4 Qh6
23.Qg4 Bd2 24.Nd5 Qg5 25.Qh3 Ne2+ 26.Kh1 Nf4 27.Qf3 Nxd5 28.Bxd5 Rc2 29.Qb3 Rc7
30.Rad1 Rd7 31.Be4 Qh4 32.Qc2 Rd4 33.Kg1 Qxe4 34.Qxe4  1/2-1/2

[Event "Wch U20 Girls"]
[Site "Matinhos"]
[Date "1994.??.??"]
[Round "?"]
[White "Peptan, Corina"]
[Black "Medvegy, Nora"]
[Result "1-0"]
[WhiteElo "2265"]
[BlackElo "2155"]

1.e4 c5 2.Nf3 e6 3.d4 cxd4 4.Nxd4 Nc6 5.Nb5 d6 6.c4 Nf6 7.N1c3 a6 8.Na3 Qc7
9.Be2 b6 10.Be3 Nb8 11.O-O Bb7 12.f3 Nbd7 13.Rc1 Be7 14.Nc2 O-O 15.Nd4 Rac8
16.Qe1 Qb8 17.Qg3 Rfe8 18.b3 Bf8 19.Rfd1 Kh8 20.Bd3 Qa8 21.Bb1 Nc5 22.Bg5 Ncd7
23.Qh3 Rc5 24.Qh4 Rcc8 25.e5 dxe5 26.Nxe6 Rxe6 27.Rxd7 h6 28.Bxf6 Rxf6 29.Ne4 Rf4
30.Qh5 Bc6 31.Rd2 Qb8 32.Rcd1 Kg8 33.Nd6 Bxd6 34.Rxd6 e4 35.Qe5 Rh4 36.Qe7 Rh5
37.Rxc6 Qxh2+ 38.Kf2 Rxc6 39.Qe8+ Kh7 40.Qxc6 Qh4+ 41.Ke2 g6 42.Bxe4 Qh2
43.Bxg6+  1-0

[Event "Mlada Boleslav op"]
[Site "Mlada Boleslav"]
[Date "1994.??.??"]
[Round "6"]
[White "Bashkov, Viacheslav"]
[Black "Chloupek, Stanislav"]
[Result "1-0"]
[WhiteElo "2420"]
[BlackElo "2310"]

1.e4 c5 2.Nf3 e6 3.d4 cxd4 4.Nxd4 Nc6 5.Nb5 d6 6.c4 Nf6 7.N1c3 a6 8.Na3 Be7
9.Be2 O-O 10.O-O b6 11.Be3 Ne5 12.Qd4 Ned7 13.Rfd1 Bb7 14.f3 Re8 15.Nc2 Qc7
16.Kh1 Rac8 17.Bg1 Ba8 18.Rac1 Rb8 19.Qd2 Rbc8 20.Nd4 Qb8 21.Nc2 Qc7 22.Bf1 Qb8
23.Be3 Kh8 24.Na3 Kg8 25.Nab1 Kh8 26.a3 Nc5 27.Qf2 Ncd7 28.b4 Bd8 29.c5 dxc5
30.Bxa6 Bb7 31.Bb5 Bc6 32.Bf1 Bc7 33.Qh4 cxb4 34.axb4 b5 35.Na3 Ne5 36.Qf2 Nc4
37.Ba7 Qb7 38.Naxb5 Bxb5 39.Nxb5 Qxb5 40.Rxc4 Qh5 41.g4 Qe5 42.Rdc1 Qd6 43.Qc2 Re7
44.Bc5  1-0

[Event "Moscow ol (Men)"]
[Site "Moscow"]
[Date "1994.??.??"]
[Round "8"]
[White "Frick, Renato"]
[Black "Gallego, Ruben"]
[Result "1-0"]
[WhiteElo "2160"]
[BlackElo "2255"]

1.e4 c5 2.Nf3 e6 3.d4 cxd4 4.Nxd4 Nc6 5.Nb5 d6 6.Bf4 e5 7.Be3 a6 8.N5a3 Nf6
9.Bg5 Qa5+ 10.Bd2 Qd8 11.Bg5 Be6 12.Nc3 Be7 13.Bxf6 Bxf6 14.Nd5 O-O 15.c3 Bg5
16.h4 Bh6 17.g4 Bf4 18.Nxf4 exf4 19.f3 d5 20.Bd3 Re8 21.Qc2 dxe4 22.Bxe4 Bxg4
23.Kf1 Bh5 24.Rd1 Qxd1+ 25.Qxd1 Rxe4 26.Nc2 Ne5 27.Rh3 Re8 28.b3 Nc6 29.Qd2 Re3
30.Nxe3 fxe3 31.Qd7 Rd8 32.Qxb7 Ne5 33.Qe7  1-0

[Event "Moscow ol (Men)"]
[Site "Moscow"]
[Date "1994.??.??"]
[Round "10"]
[White "Rodriguez, Amador"]
[Black "Gostisa, Leon"]
[Result "1/2-1/2"]
[WhiteElo "2515"]
[BlackElo "2420"]

1.e4 c5 2.Nf3 e6 3.d4 cxd4 4.Nxd4 Nc6 5.Nb5 d6 6.Bf4 e5 7.Be3 Be6 8.N1c3 a6
9.Na3 Rc8 10.Nc4 Nf6 11.Nb6 Rb8 12.Be2 Be7 13.O-O O-O 14.Qd2 h6 15.f3 Nd7
16.Nxd7 Qxd7 17.Nd5 Bxd5 18.Qxd5 Bg5 19.Bf2 Ne7 20.Qb3 d5 21.exd5 Qxd5 22.Rfd1 Qxb3
23.axb3 Nf5 24.c3 Rfd8 25.Rd3 g6 26.b4 Rxd3 27.Bxd3 Rd8 28.Be4 Rd7 29.g3 Be3
30.Bxf5 Bxf2+ 31.Kxf2 gxf5 32.Ke3 f4+ 33.Ke2 fxg3 34.hxg3 Kg7 35.Ra5 f6 36.b5 axb5
37.Rxb5 Kg6 38.Ke3 Re7 39.c4 Kg5 40.Rd5 h5 41.c5 f5 42.b4 e4 43.Rd4 exf3+
44.Kxf3 Rg7 45.b5 Kf6 46.b6 Ke5 47.Rd8 Rh7 48.Re8+ Kd5 49.Rc8 Rh6 50.Rc7 h4
51.gxh4 Rxh4 52.Rxb7  1/2-1/2

[Event "Moscow ol (Women)"]
[Site "Moscow"]
[Date "1994.??.??"]
[Round "10"]
[White "Lumongdong, Lisa Karlina"]
[Black "Fomina, Tatyana"]
[Result "0-1"]
[WhiteElo "2090"]
[BlackElo "2260"]

1.e4 c5 2.Nf3 e6 3.d4 cxd4 4.Nxd4 Nc6 5.Nb5 d6 6.c4 Nf6 7.N1c3 a6 8.Na3 Be7
9.Be2 O-O 10.O-O b6 11.Be3 Rb8 12.Qd2 Bb7 13.Rfd1 Ne5 14.f3 Nfd7 15.f4 Ng6
16.e5 Nh4 17.exd6 Bf6 18.Bf1 Nc5 19.Rac1 Nf5 20.b4 Bxc3 21.Qxc3 Ne4 22.Qe1 Qd7
23.c5 bxc5 24.bxc5 Bd5 25.Nc4 Bxc4 26.Bxc4 Qc6 27.Bd3 Rb2 28.Rc4 Rxg2+ 29.Kxg2 Nd2+
30.Be4 Nxe4 31.Kg1 Nexd6 32.Rb4 Nb5 33.a4 Nc7 34.Bf2 Nd5 35.Rc4 h5 36.Qe2 h4
37.Rb1 Rc8 38.Qf3 g6 39.Qe2 f6 40.Re1 Kf7 41.Qg4 Rb8 42.Rce4 Nc7 43.Qf3 Rb4
44.Qd3 Rxa4 45.Rxa4 Qxa4 46.Rb1 Qxf4 47.Rb7 Ne7 48.Qd6 Qc1+ 49.Kg2 h3+ 50.Kxh3 Qf1+  0-1

[Event "Moscow ol (Women)"]
[Site "Moscow"]
[Date "1994.??.??"]
[Round "11"]
[White "Stewart, Tanya"]
[Black "De Kleuver, Esther"]
[Result "1/2-1/2"]
[WhiteElo "2055"]
[BlackElo "2160"]

1.e4 c5 2.Nf3 e6 3.d4 cxd4 4.Nxd4 Nc6 5.Nb5 d6 6.Bf4 e5 7.Be3 a6 8.N5c3 Nf6
9.Bg5 Be7 10.Bxf6 Bxf6 11.Nd5 O-O 12.g3 Be6 13.Nxf6+ Qxf6 14.Bg2 Rad8 15.O-O Qg6
16.c3 Kh8 17.Qe2 d5 18.exd5 Bxd5 19.Na3 Bxg2 20.Kxg2 Qd3 21.Rfe1 Rd7 22.Qxd3 Rxd3
23.Rad1 Rfd8 24.Rxd3 Rxd3 25.Nc4 f6 26.a4 Kg8 27.a5 Kf7 28.Re3 Rd1 29.Kf3 Ke6
30.b4 Rd8  1/2-1/2

[Event "Moscow ol (Women)"]
[Site "Moscow"]
[Date "1994.??.??"]
[Round "11"]
[White "Hoiberg, Nina"]
[Black "Sziva, Erika"]
[Result "1-0"]
[WhiteElo "2275"]
[BlackElo "2250"]

1.e4 c5 2.Nf3 e6 3.d4 cxd4 4.Nxd4 Nc6 5.Nb5 d6 6.Bf4 e5 7.Be3 a6 8.N5c3 Nf6
9.Bg5 Be7 10.Bxf6 Bxf6 11.Nd2 Be6 12.Nc4 Nd4 13.Ne3 O-O 14.Bd3 g6 15.Ncd5 Bg5
16.c3 Nc6 17.Qf3 Bxd5 18.Nxd5 Ne7 19.Bc4 Nxd5 20.Bxd5 Qb6 21.h4 Bh6 22.h5 Qxb2
23.O-O Rab8 24.hxg6 hxg6 25.Qf6 Qb6 26.Qxg6+ Bg7 27.Rae1 Qd8 28.Re3 Qf6 29.Qh5 Qh6
30.Qe2 Rfc8 31.Rh3 Qg5 32.Rg3 Qh6 33.Rd1 Rc7 34.Rh3 Qg5 35.Rh5 Qf4 36.Rf5 Qh6
37.Rd3 b5 38.Rh3 Qc1+ 39.Kh2 Rbb7 40.Qg4 Ra7 41.Rg3 Qh6+ 42.Rh5 Qf6 43.Rf3  1-0

[Event "Moscow ol (Women)"]
[Site "Moscow"]
[Date "1994.??.??"]
[Round "13"]
[White "Bojkovic, Natasa"]
[Black "Fomina, Tatyana"]
[Result "1/2-1/2"]
[WhiteElo "2440"]
[BlackElo "2260"]

1.e4 c5 2.Nf3 e6 3.d4 cxd4 4.Nxd4 Nc6 5.Nb5 d6 6.c4 Nf6 7.N1c3 a6 8.Na3 Be7
9.Be2 O-O 10.O-O b6 11.Be3 Bb7 12.Qb3 Nd7 13.Rfd1 Nc5 14.Qc2 Qc7 15.Rac1 Rac8
16.f3 Qb8 17.Qd2 Rfe8 18.Nc2 Nd7 19.f4 Ba8 20.Na3 Nf6 21.Bf3 Na5 22.Qd3 Nc6
23.Nc2 Na5 24.Na3 Nc6 25.Bf2 Bd8 26.Qe2 Bc7 27.Nc2 Ne7 28.g4 Ng6 29.Bg3 Nd7
30.Ne3 f6 31.Ng2 Bc6 32.a4 Qa8 33.Qc2 f5 34.gxf5 exf5 35.Nd5 Nf6 36.exf5 Ne7
37.Nxf6+ gxf6 38.Bxc6 Qxc6 39.Re1 b5 40.axb5 axb5 41.b3 bxc4 42.bxc4 Bb6+
43.Kh1 Qc5 44.Nh4 d5 45.Qb2 d4 46.Re6 Rc6 47.Qe2 Rxe6 48.fxe6 Qc6+ 49.Qg2 Qxe6
50.c5 Bd8 51.Bf2+ Kf7 52.Bxd4 Rg8 53.Qf3 Bc7 54.Bf2 Qd5 55.Qxd5+ Nxd5 56.f5 Rc8
57.Rd1 Ne7 58.Rb1 Bf4 59.Rb7 Ke8 60.Kg2 Bg5 61.Nf3 Bf4 62.Kh3 h5 63.Kh4 Nxf5+
64.Kxh5 Ne3 65.Kg6 f5 66.Bxe3 Bxe3 67.Kxf5 Rxc5+ 68.Ke4 Bg5 69.Rg7 Bf6 70.Rb7 Ra5
71.Kf4 Be7 72.h4 Ra4+ 73.Kg3 Rb4 74.Ra7 Bc5 75.Ra6 Ke7 76.Ra8 Kf6 77.Ra6+ Rb6
78.Ra8 Bd6+ 79.Kh3  1/2-1/2

[Event "NLD-chT9495"]
[Site "?"]
[Date "1994.??.??"]
[Round "2"]
[White "Kuijpers, Franciscus Antonius"]
[Black "Langeweg, Kick"]
[Result "1/2-1/2"]
[WhiteElo "2390"]
[BlackElo "2390"]

1.e4 c5 2.Nf3 e6 3.d4 cxd4 4.Nxd4 Nc6 5.Nb5 d6 6.c4 Nf6 7.N1c3 a6 8.Na3 Be7
9.Be2 O-O 10.O-O b6 11.Be3 Bb7 12.Rc1 Ne5 13.f4 Ned7 14.Bf3 Rc8 15.Qe2 Qc7
16.Kh1 Rfe8 17.Rfe1 Qb8 18.Bf2 Qa8 19.Rcd1 Red8 20.Bh4 Nf8 21.Nab1 Ng6 22.Bg3 Re8
23.Nd2  1/2-1/2

[Event "NLD-chT9495"]
[Site "?"]
[Date "1994.??.??"]
[Round "4"]
[White "Slingerland, Fred"]
[Black "Maes, Wim"]
[Result "1/2-1/2"]
[WhiteElo "2245"]
[BlackElo "2245"]

1.e4 c5 2.Nf3 e6 3.d4 cxd4 4.Nxd4 Nc6 5.Nb5 d6 6.c4 Nf6 7.N1c3 a6 8.Na3 Be7
9.Be2 O-O 10.O-O b6 11.Be3 Bb7 12.Qd2 Nb8 13.f3 Nbd7 14.Rfd1 Qc7 15.Rac1 Rac8
16.Bf1 Qb8 17.Qf2 Bc6 18.b4 Ba8 19.Na4 Bd8 20.g3 Ne8 21.c5 b5 22.Nc3 dxc5
23.Rxd7 cxb4 24.Ba7 Qe5 25.Ne2 Rxc1 26.Nxc1 Nf6 27.Bd4 Bb6 28.Nd3 Qb8 29.Bxb6 Nxd7
30.Ba7 Qb7 31.Nc2 f5 32.exf5 Rxf5 33.Bg2 a5 34.Be3 e5 35.Nce1 Qc8 36.Bh3 Rh5
37.Be6+ Kh8 38.Nc5 Bc6 39.Ned3 Qe8 40.Bxd7 Bxd7 41.Nxd7 Qxd7 42.Nc5 Qd1+  1/2-1/2

[Event "NOR-ch"]
[Site "?"]
[Date "1994.??.??"]
[Round "6"]
[White "Elsness, Frode"]
[Black "Ogaard, Leif"]
[Result "0-1"]
[WhiteElo "2280"]
[BlackElo "2425"]

1.e4 c5 2.Nf3 e6 3.d4 cxd4 4.Nxd4 Nc6 5.Nb5 d6 6.c4 Nf6 7.N1c3 a6 8.Na3 Be7
9.Be2 O-O 10.O-O b6 11.Be3 Bb7 12.Qb3 Nd7 13.Rfd1 Nc5 14.Qc2 Bf6 15.Rac1 Nb4
16.Qd2 Bxc3 17.bxc3 Nxe4 18.Qb2 Nc6 19.Qxb6 Qe7 20.c5 d5 21.f3 Nf6 22.Nc2 Rfc8
23.Nd4 Rc7 24.Rb1 Ne8 25.Nxc6 Bxc6 26.Qa5 e5 27.Rb6 d4 28.Bf2 Nf6 29.cxd4 exd4
30.Bf1 Nd5 31.Rxa6 Rxa6 32.Qxa6 Ne3 33.Rxd4 Nxf1 34.Kxf1 h6 35.Rd6 Rb7 36.Qa5 Rb1+
37.Be1 Bb5+ 38.Kf2 Qe2+ 39.Kg3 Rxe1 40.Qc7 Qe5+ 41.Kh3 Qh5+ 42.Kg3 Bc4 43.Rd4 Be6  0-1

[Event "BCF-ch"]
[Site "Norwich"]
[Date "1994.??.??"]
[Round "8"]
[White "Coleman, David"]
[Black "Mortazavi, Ali"]
[Result "1/2-1/2"]
[WhiteElo "2245"]
[BlackElo "2350"]

1.e4 c5 2.Nf3 e6 3.d4 cxd4 4.Nxd4 Nc6 5.Nb5 d6 6.c4 Nf6 7.N1c3 a6 8.Na3 Be7
9.Be2 b6 10.O-O Ne5 11.f4 Ned7 12.Bf3 Bb7 13.Qe2 O-O 14.Be3 Qc7 15.Rac1 Rac8
16.g4 h6 17.h4 Nh7 18.Qh2 e5 19.f5 Qd8 20.Bf2 Bc6 21.Rfd1 Rb8 22.Bg3 b5 23.cxb5 axb5
24.b4 Ra8 25.Nc2 Qb6+ 26.Kh1 Qb7 27.Ne3 Nb6 28.Qg2 Ra3 29.Be1 Rfa8 30.Rc2 Qa7
31.Bf2 Qb7 32.Be1 Qa7 33.Rdc1 Bd8 34.Bf2 Be8 35.Ncd5 Qb7 36.Nxb6 Bxb6 37.Nd5 Bd8
38.Be1 Qa7 39.Bf2 Qa4 40.Be1 Qa7 41.Bf2 Qb7 42.Be1 Qa7  1/2-1/2

[Event "Nyiregyhaza op"]
[Site "Nyiregyhaza"]
[Date "1994.??.??"]
[Round "?"]
[White "Mihalko, Jozsef"]
[Black "Pasztor, Ferenc"]
[Result "1/2-1/2"]
[WhiteElo "2290"]
[BlackElo "2250"]

1.e4 c5 2.Nf3 Nc6 3.d4 cxd4 4.Nxd4 e6 5.Nb5 d6 6.c4 a6 7.N5c3 Nf6 8.Be2 Be7
9.O-O Qc7 10.Be3 Ne5 11.Na3 Bd7 12.Rc1 Rc8 13.f3 O-O 14.Kh1 Bc6 15.Qd2 Qb8
16.Rfd1 Rfd8 17.Bb6 Rd7 18.Qe3 Bd8 19.b4 Bxb6 20.Qxb6 Rdd8 21.Qe3 Be8 22.Rc2 Qc7
23.h3 Nc6 24.Rb2 Ne5 25.Rc2 Nc6  1/2-1/2

[Event "Oberwart op"]
[Site "Oberwart"]
[Date "1994.??.??"]
[Round "1"]
[White "Mueller, M."]
[Black "Cebalo, Miso"]
[Result "0-1"]
[WhiteElo "1930"]
[BlackElo "2520"]

1.e4 c5 2.Nf3 e6 3.d4 cxd4 4.Nxd4 Nc6 5.Nb5 d6 6.Bf4 e5 7.Be3 Be6 8.N1c3 a6
9.Na3 Be7 10.Nd5 Bxd5 11.exd5 Nb8 12.Be2 Nd7 13.O-O Ngf6 14.Bg4 Nxg4 15.Qxg4 O-O
16.Bh6 Bf6 17.Nc4 Kh8 18.Bd2 Be7 19.f4 f5 20.Qe2 e4 21.Rae1 Rc8 22.Ne3 Qe8
23.c4 Nc5 24.Bc3 Qg6 25.Kh1 Bf6 26.Bxf6 Qxf6 27.b3 Nd3 28.Rd1 Qd4 29.Rd2 b5
30.Rc2 bxc4 31.Rxc4 Rxc4 32.bxc4 g6 33.g3 Rb8  0-1